Prázdniny v Evropě /
Kniha mapuje prázdninová stopařská dobrodružství autora skrze Evropu.
Uloženo v:
| Hlavní autor: | |
|---|---|
| Médium: | E-kniha |
| Jazyk: | Czech |
| Vydáno: |
Brno :
BizBooks,
2019
|
| Vydání: | 1. vydání |
| Témata: | |
| Tagy: |
Žádné tagy |
| LEADER | 03777nam a2200757 i 4500 | ||
|---|---|---|---|
| 001 | 311096 | ||
| 003 | CZ PrSKC | ||
| 005 | 20260601215659.0 | ||
| 007 | ta | ||
| 008 | 191022s2019 xr a e 000 jacze | ||
| 015 | |a cnb003154953 | ||
| 020 | |a 9788026509561 |q (soubor 2020) : |c Kč 1190,00 | ||
| 020 | |a 978-80-265-1111-3 |q (soubor 2022) : |c Kč 1490,00 | ||
| 020 | |a 978-80-265-0886-1 |q (vázáno) : |c Kč 399,00 | ||
| 020 | |a 978-80-265-0889-2 |q (s pexesem ; |q v knize neuvedeno ; |q vázáno) |z 978-80-265-0886-1 : |c Kč 399,00 | ||
| 035 | |a (OCoLC)1130285809 | ||
| 040 | |a BOA001 |b cze |d ABA001 |e rda | ||
| 043 | |a e-xr--- |a e------ | ||
| 045 | |a y1y1 | ||
| 072 | 7 | |a 913(4) |x Geografie Evropy, reálie, cestování |2 Konspekt | |
| 072 | 7 | |a 929 |x Biografie |2 Konspekt | |
| 080 | |a 910.4-051 |2 MRF | ||
| 080 | |a 913:910.4 |2 MRF | ||
| 080 | |a 796.57:379.843 |2 MRF | ||
| 080 | |a 929 |2 MRF | ||
| 080 | |a 913(4) |2 MRF | ||
| 080 | |a (437.3) |2 MRF | ||
| 080 | |a (4) |2 MRF | ||
| 080 | |a (0:82-992) |2 MRF | ||
| 080 | |a (0:82-322.6) |2 MRF | ||
| 100 | 1 | |a Zibura, Ladislav, |d 1992- |7 ola2015893402 |4 aut | |
| 245 | 1 | 0 | |a Prázdniny v Evropě / |c Ladislav Zibura |
| 250 | |a 1. vydání | ||
| 264 | 1 | |a Brno : |b BizBooks, |c 2019 | |
| 300 | |a 348 stran : |b barevné ilustrace ; |c 22 cm | ||
| 336 | |a text |b txt |2 rdacontent | ||
| 337 | |a bez média |b n |2 rdamedia | ||
| 338 | |a svazek |b nc |2 rdacarrier | ||
| 500 | |a Dotisk v roce 2021 | ||
| 500 | |a Část nákladu distribuována jako "autorská edice" s podpisem a pexesem jako dárek | ||
| 500 | |a Část nákladu verze bez pexesa distribuována v roce 2020 ve čtyřsvazkovém souboru ve společném kartonovém pouzdru se souborným názvem: Všechny krásy světa; příloha k souboru: puzzle Stará mapa světa; ISBN souboru pouze na krabici | ||
| 500 | |a Část nákladu verze bez pexesa distribuována v roce 2022 ve čtyřsvazkovém souboru ve společném kartonovém pouzdru se souborným názvem: Všechny krásy světa; ISBN souboru pouze na krabici | ||
| 520 | 2 | |a Kniha mapuje prázdninová stopařská dobrodružství autora skrze Evropu. |b Autor popisuje své putování auty s různorodými řidiči, opět potkává zajímavé lidi. Směr jeho cesty je z rozpálených Athén přes nespoutaný Balkán, "rodný střed" a Pobaltí až do oblastí za polární kruh. | |
| 600 | 1 | 7 | |a Zibura, Ladislav, |d 1992- |7 ola2015893402 |2 czenas |
| 648 | 7 | |a 2011-2020 |7 ch460589 |2 czenas | |
| 648 | 7 | |a 20.-21. století |7 ch462155 |2 czenas | |
| 650 | 0 | 7 | |a cestovatelé |7 ph119109 |z Česko |y 20.-21. století |2 czenas |
| 650 | 0 | 7 | |a cesty a pobyt |7 ph137578 |z Evropa |y 2011-2020 |2 czenas |
| 650 | 0 | 7 | |a autostop |7 ph296984 |z Evropa |y 2011-2020 |2 czenas |
| 650 | 0 | 9 | |a travellers |z Czechia |y 20th-21st centuries |2 eczenas |
| 650 | 0 | 9 | |a travels and stays |z Europe |y 2011-2020 |2 eczenas |
| 650 | 0 | 9 | |a hitchhiking |z Europe |y 2011-2020 |2 eczenas |
| 651 | 7 | |a Evropa |7 ge137210 |x reálie |2 czenas | |
| 651 | 9 | |a Europe |x description and travel |2 eczenas | |
| 655 | 7 | |a cestopisy |7 fd131956 |2 czenas | |
| 655 | 7 | |a autobiografické příběhy |7 fd131891 |2 czenas | |
| 655 | 9 | |a books of travels |2 eczenas | |
| 655 | 9 | |a autobiographical stories |2 eczenas | |
| 740 | 0 | 2 | |a Všechny krásy světa |
| 740 | 0 | 2 | |a Stará mapa světa - puzzle |
| 900 | |a ABA001 |b 21 | ||
| 928 | 9 | |a Albatros Media - BizBooks | |
| 044 | |a xr | ||
| 910 | |a RBIT002 | ||
| 998 | |d 201963 |a https://core.palmknihy.cz/api/books/201963/cover?pzeemy |b https://core.palmknihy.cz/api/books/201963/cover/400?pzeemy |c https://core.palmknihy.cz/api/books/201963/cover/50?pzeemy |e 2029-12-31 |g 360 |i 9788026508861 |j https://core.palmknihy.cz/api/books/201963/preview.epub |k https://core.palmknihy.cz/api/books/201963/preview.pdf |l |q 49 |r 1 |s https://www.palmknihy.cz/kniha/201963 |t ebook |y 2019 |z 0 | ||
| 999 | |d 311094 | ||